000 00969nam a2200229Ia 4500
001 10326
003 GE_BSU
008 181216s||||||||xx |||||||||||||| ||und||
040 _cGE_BSU
080 _a821.353.1+821.353.1-31+821.353.1-32+821.353.1-83
100 _aფანჯიკიძე,გურამ
245 _aრჩეული თხზულებანი სამ ტომად. ტ.2
245 _bრომანი,მოთხრობები,დიალოგები
245 _cრედ.იორამ ქემერტელიძე;მხატვ.ლაშა ფანჯიკიძე
260 _aთბილისი
260 _bსაბჭოთა საქართველო
260 _c1986
300 _a604გვ.ილ.22სმ.
653 _aრომანი,მოთხრობები,დიალოგები
653 _aრჩეული თხზულებანი
942 _cBK
999 _c43592
_d43592